Zach Braff Filmography - Statistics

General Stats
  • This quiz has been taken 9 times
    2 since last reset
  • The average score is 7 of 78
Answer Stats
Type Year Name % Correct
Film 2005 Chicken Little
100%
Video Game 2005 Chicken Little
100%
Film 2004 Garden State
100%
Film 2013 Oz the Great and Powerful
100%
Director 2023 A Good Person
50%
Podcast 2020-2021 Fake Doctors, Real Friends with Zach and Donald
50%
Director 2017 Going in Style
50%
TV Show 2007 Saturday Night Live
50%
TV Show 2001-2010 Scrubs
50%
TV Show 2018 Alex, Inc.
0%
Film 2023 A Little White Lie
0%
Theater 2011-2012 All New People
0%
TV Show 2018 American Idol
0%
TV Show 2005, 2006 Arrested Development
0%
Web Series 2024 Bad Monkey
0%
TV Show 2015 Barely Famous
0%
Film 2000 Blue Moon
0%
Web Series 2017, 2020 BoJack Horseman
0%
Theater 2014 Bullets Over Broadway
0%
TV Show 1994 CBS Schoolbreak Special
0%
TV Show 2021 Celebrity Family Feud
0%
TV Show 2024 Celebrity IOU
0%
Film 2022 Cheaper by the Dozen
0%
Video Game 2006 Chicken Little: Ace in Action
0%
Film TBA Clean Hands
0%
TV Show 2002 Clone High
0%
TV Show 2014 Community
0%
Commercial 2003-2008 Cottonelle
0%
TV Show 2010, 2012 Cougar Town
0%
Film TBA Dreadnaught
0%
Short Film 2014 Effed!
0%
Film 2000 Endsville
0%
Film 2024 French Girl
0%
Web Special 2025 Garden State 20th Anniversary Concert: Benefiting the Midnight Mission
0%
Film 1999 Getting to Know You
0%
Film TBA Girls Like Girls
0%
TV Film 1989 High
0%
Film 2016 In Dubious Battle
0%
TV Show 2014 Inside Amy Schumer
0%
Director 2019 In the Time It Takes to Get There
0%
TV Film 2002 It's a Very Merry Muppet Christmas Movie
0%
Video Game 2005 Kingdom Hearts II
0%
Video Game 2007 Kingdom Hearts II: Final Mix+
0%
Director 1997 Lionel on a Sunday
0%
Theater 1998 Macbeth
0%
Film 1993 Manhattan Murder Mystery
0%
Film 2022 Moonshot
0%
Director 2008 Night Life
0%
TV Film 2006 Nobody's Watching
0%
Web Mini-Series 2022 Obi-Wan Kenobi
0%
Film 2020 Percy Vs Goliath
0%
TV Show 2005, 2007 Punk'd
0%
Commercial 2012-2013 PUR Water
0%
Web Series 2009 Scrubs: Interns
0%
Director 2015 Self Promotion
0%
TV Show 2015 Sesame Street
0%
Director 2023, 2024 Shrinking
0%
Director 2021 Solos
0%
Web Series 2025 Storyline Online
0%
Director 2020 Ted Lasso
0%
TV Show 1990 The Baby-Sitters Club
0%
Podcast 2024 The Best Man's Ghostwriter
0%
Film 2000 The Broken Hearts Club: A Romantic Comedy
0%
Film 2012 The Color of Time
0%
Film 2020 The Comeback Trail
0%
Film 2017 The Disaster Artist
0%
Film 2006 The Ex
0%
TV Show 2012 The Exes
0%
Film 2010 The High Cost of Living
0%
Film 2006 The Last Kiss
0%
Web Mini-Series 2015 The Sixth Land
0%
Director 1995 Thursdays at Noon
0%
Commercial 2022-Present T-Mobile
0%
Theater 2010 Trust
0%
Theater 2002 Twelfth Night
0%
TV Show 2015 Undateable
0%
TV Show 2024 Who Wants to Be a Millionaire
0%
Film 2014 Wish I Was Here
0%
No matching quizzes found
Score Distribution
Percent of People with Each Score
Percentile by Number Answered
Your Score History
You have not taken this quiz since the last reset